| Tag |
First Indicator |
Second Indicator |
Subfields |
| LEADER |
00000cam a2200000 i 4500 |
| 001 |
in00004771113 |
| 008 |
230310t20242024enka b 001 0 eng d |
| 005 |
20250318214048.5 |
| 019 |
|
|
|a 1371399319
|
| 020 |
|
|
|a 9781032504582
|
| 020 |
|
|
|a 1032504587
|q (hardback)
|
| 020 |
|
|
|a 1032542896
|q (paperback)
|
| 020 |
|
|
|a 9781032542898
|q (paperback)
|
| 020 |
|
|
|z 9781000929997
|q (ePub ebook)
|
| 020 |
|
|
|z 9781000929959
|q (PDF ebook)
|
| 035 |
|
|
|a (OCoLC)on1371401666
|
| 035 |
|
|
|a (OCoLC)1371401666
|z (OCoLC)1371399319
|
| 040 |
|
|
|a YDX
|b eng
|e rda
|c YDX
|d UKMGB
|d OCLCQ
|d OCLCO
|d OCLCF
|d OCLCA
|d CDX
|d OCLCO
|
| 043 |
|
|
|a a-af---
|
| 050 |
|
4 |
|a DS371.412
|b .S25 2024
|
| 082 |
0 |
4 |
|a 958.104/7
|2 23
|
| 082 |
0 |
4 |
|a 958.104/8
|2 23
|
| 100 |
1 |
|
|a Sahill, Pamir Halimzai,
|e author.
|
| 245 |
1 |
0 |
|a Turbulent Afghanistan :
|b a critical analysis of the US politics of confinement and the rise of the Taliban /
|c Pamir Halimzai Sahill.
|
| 264 |
|
1 |
|a London :
|b Routledge, Taylor & Francis Group,
|c 2024.
|
| 264 |
|
4 |
|c ©2024
|
| 300 |
|
|
|a xvi, 195 pages :
|b illustrations (black and white) ;
|c 24 cm
|
| 336 |
|
|
|a text
|b txt
|2 rdacontent
|
| 336 |
|
|
|a still image
|b sti
|2 rdacontent
|
| 337 |
|
|
|a unmediated
|b n
|2 rdamedia
|
| 338 |
|
|
|a volume
|b nc
|2 rdacarrier
|
| 504 |
|
|
|a Includes bibliographical references and index.
|
| 610 |
2 |
0 |
|a Taliban
|1 https://isni.org/isni/0000000106792027
|
| 610 |
2 |
0 |
|a Taliban.
|
| 610 |
2 |
6 |
|a Talibans.
|
| 610 |
2 |
7 |
|a Taliban
|2 fast
|
| 650 |
|
0 |
|a Afghan War, 2001-2021.
|
| 651 |
|
0 |
|a Afghanistan
|x History
|y 2021-
|
| 651 |
|
0 |
|a Afghanistan
|x History
|y 2001-2021.
|
| 651 |
|
0 |
|a Afghanistan
|x Politics and government
|y 2001-2021.
|
| 650 |
|
6 |
|a Guerre en Afghānistān, 2001-2021.
|
| 651 |
|
6 |
|a Afghānistān
|x Histoire
|y 2021-
|
| 651 |
|
6 |
|a Afghānistān
|x Histoire
|y 2001-2021.
|
| 651 |
|
6 |
|a Afghānistān
|x Politique et gouvernement
|y 2001-2021.
|
| 650 |
|
7 |
|a Politics and government
|2 fast
|
| 651 |
|
7 |
|a Afghanistan
|2 fast
|
| 647 |
|
7 |
|a Afghan War
|d (2001-2021)
|2 fast
|
| 648 |
|
7 |
|a Since 2001
|2 fast
|
| 655 |
|
7 |
|a History
|2 fast
|
| 776 |
0 |
8 |
|i ebook version :
|z 9781000929997
|
| 852 |
8 |
|
|b pda,print
|z This title is available for the library to purchase for your use. Click the "Purchase It For Me" button to place a request. This item may take 5-10 business days to arrive.
|
| 955 |
|
|
|a Print PDA title
|
| 961 |
|
|
|m 565730
|
| 999 |
f |
f |
|s 1980c24e-ac54-46f6-8b31-ca4e72d1676f
|i 2a0cb9fa-38e9-4379-9abf-cc63dc38ed67
|t 0
|
| 952 |
f |
f |
|a Texas A&M University
|b College Station
|c Sterling C. Evans Library
|d Purchase on Demand
|t 0
|e DS371.412 .S25 2024
|h Library of Congress classification
|
| 998 |
f |
f |
|a DS371.412 .S25 2024
|t 0
|l Purchase on Demand
|